Statistics for Countries by Population in 1939

Click here to take the quiz!

General Stats

  • This quiz has been taken 13 times
  • The average score is 42 of 70

Answer Stats

HintAnswer% Correct
CChina
100%
BBritish Empire
91%
FFrench Empire
91%
GGermany
91%
JJapanese Empire
91%
SSoviet Union
91%
UUnited States
91%
BBelgian Empire
82%
BBrazil
82%
IItalian Empire
82%
SSpanish Empire
82%
TTurkey
82%
VVenezuela
82%
AArgentina
73%
D/NDutch Empire
73%
FFinland
73%
GGreece
73%
MMexico
73%
PPoland
73%
PPortuguese Empire
73%
YYugoslavia
73%
AAndorra
64%
BBolivia
64%
CCanada
64%
CColombia
64%
DDenmark
64%
EEl Salvador
64%
GGuatemala
64%
HHaiti
64%
HHungary
64%
LLiechtenstein
64%
LLuxembourg
64%
MMonaco
64%
PPeru
64%
RRomania
64%
SSan Marino
64%
T/SThailand
64%
UUruguay
64%
VVatican City
64%
YYemen
64%
CChile
55%
DDominican Republic
55%
EEcuador
55%
HHonduras
55%
I/PIran
55%
NNicaragua
55%
NNorway
55%
PParaguay
55%
BBulgaria
45%
CCosta Rica
45%
CCuba
45%
IIreland
45%
LLatvia
45%
LLiberia
45%
LLithuania
45%
MMongolia
45%
NNepal
45%
PPanama
45%
SSouth Africa
45%
SSweden
45%
AAfghanistan
36%
AAlbania
36%
BBhutan
36%
EEstonia
36%
IIraq
36%
SSaudi Arabia
36%
SSwitzerland
36%
DDanzig
27%
TTibet
27%
SSlovakia
18%

Score Distribution

Percentile by Number Answered

Percent of People with Each Score

Your Score History

You have not taken this quiz